Zoznam patentových zástupcov v Slovenskej republike

Zoznam patentových zástupcov na Slovensku.

Gespeichert in:
Bibliographische Detailangaben
Format: Buchkapitel
Sprache:Slowakisch
Schlagworte:
Tags: Tag hinzufügen
Keine Tags, Fügen Sie das erste Tag hinzu!

MARC

LEADER 00000naa a2200000 4500
001 r022229
005 20230921075828.9
041 0 |a slo 
044 |a SK 
245 1 0 |a Zoznam patentových zástupcov v Slovenskej republike 
520 |a Zoznam patentových zástupcov na Slovensku. 
610 2 0 |a adresáre 
610 2 0 |a patenty 
610 2 0 |a Slovensko